Защита социального благополучия коренных народов современной России: контекст оценки положения и роли русского народа (Запись № 10721582)

Подробности
000 -МАРКЕР
контрольное поле 02523nam0a2200421 i 4500
001 - ИДЕНТИФИКАТОР ЗАПИСИ
контрольное поле RU\NLR\BIBL_A\010654845
005 - ИДЕНТИФИКАТОР ВЕРСИИ
контрольное поле 20260407063646.0
010 ## - МЕЖДУНАРОДНЫЙ СТАНДАРТНЫЙ НОМЕР КНИГИ (ISBN)
Номер (ISBN) 9785851278112
Тираж 300
021 ## - НОМЕР ГОСУДАРСТВЕННОЙ РЕГИСТРАЦИИ
Код страны Российская Федерация
Номер 14-90152
035 ## - ДРУГИЕ СИСТЕМНЫЕ НОМЕРА
Идентификатор записи (NILC)RuMoRGB-007832055
035 ## - ДРУГИЕ СИСТЕМНЫЕ НОМЕРА
Идентификатор записи (NLR Aleph) 010654845
100 ## - ДАННЫЕ ОБЩЕЙ ОБРАБОТКИ
Данные общей обработки 20150129d2014 km y0rusy50 ca
101 0# - ЯЗЫК РЕСУРСА
Язык текста, звукозаписи и т.д. русский
102 ## - СТРАНА ПУБЛИКАЦИИ ИЛИ ПРОИЗВОДСТВА
Страна публикации Российская Федерация
105 ## - ПОЛЕ КОДИРОВАННЫХ ДАННЫХ: ТЕКСТОВЫЕ МАТЕРИАЛЫ, МОНОГРАФИЧЕСКИЕ
Кодированные данные о монографическом текстовом документе y|||z|||000yy
200 1# - ЗАГЛАВИЕ И СВЕДЕНИЯ ОБ ОТВЕТСТВЕННОСТИ
Основное заглавие Защита социального благополучия коренных народов современной России: контекст оценки положения и роли русского народа
Сведения, относящиеся к заглавию монография
Первые сведения об ответственности А. М. Беспалов, С.И. Григорьев, Л.Г. Гуслякова, М.М. Пркудникова
Последующие сведения об ответственности Междунар. фонд славян. письменности и культуры [и др.]
205 ## - СВЕДЕНИЯ ОБ ИЗДАНИИ
Сведения об издании [2-е изд., доп. и перераб.]
210 ## - ПУБЛИКАЦИЯ, РАСПРОСТРАНЕНИЕ И ДР.
Место издания, распространения и т.д. Бийск [и др.]
Имя издателя, распространителя и т. д. АГАО
Дата издания, распространения и т.д. 2014
215 ## - ФИЗИЧЕСКАЯ ХАРАКТЕРИСТИКА
Специфическое обозначение материала и объем 87 с.
Другие сведения о физической характеристике табл.
Размеры 21
300 ## - ОБЩИЕ ПРИМЕЧАНИЯ
Текст примечания В надзаг. также: НОЦ "Культура - основа качества образования, жизн. сил рус. человека и общества", Рос. социол. ассоц., исслед. ком. социал. квалиметрии, Союз социологов России, исслед. ком. социологии социал. здоровья [и др.]
300 ## - ОБЩИЕ ПРИМЕЧАНИЯ
Текст примечания На тит. л.: АГАО. Вузу - 75 лет
320 ## - ПРИМЕЧАНИЯ О НАЛИЧИИ В ДОКУМЕНТЕ БИБЛИОГРАФИИ / УКАЗАТЕЛЯ
Текст примечания Библиогр. в подстроч. примеч.
606 1# - НАИМЕНОВАНИЕ ТЕМЫ КАК ПРЕДМЕТ
Наименование темы Коренное население
Тематический подзаголовок Уровень жизни
Географический подзаголовок Российская Федерация
Системный номер авторитетной/нормативной записи 2219220
Идентификатор авторитетной/нормативной записи RU\NLR\AUTH\6601565958
606 1# - НАИМЕНОВАНИЕ ТЕМЫ КАК ПРЕДМЕТ
Наименование темы Русские
Тематический подзаголовок Социологические исследования
Системный номер авторитетной/нормативной записи 2183964
Идентификатор авторитетной/нормативной записи RU\NLR\AUTH\661313152
610 0# - НЕКОНТРОЛИРУЕМЫЕ ПРЕДМЕТНЫЕ ТЕРМИНЫ
Предметный термин русские, социальное положение
686 1# - ИНДЕКСЫ ДРУГИХ КЛАССИФИКАЦИЙ
Индекс У9(2)-94(2Р)
686 1# - ИНДЕКСЫ ДРУГИХ КЛАССИФИКАЦИЙ
Индекс Т3(2=Р)74,02
686 1# - ИНДЕКСЫ ДРУГИХ КЛАССИФИКАЦИЙ
Индекс С550.67
701 #1 - ИМЯ ЛИЦА - АЛЬТЕРНАТИВНАЯ ОТВЕТСТВЕННОСТЬ
Начальный элемент ввода Беспалов
Часть имени, кроме начального элемента ввода А. М.
Расширение инициалов личного имени Александр Михайлович
701 #1 - ИМЯ ЛИЦА - АЛЬТЕРНАТИВНАЯ ОТВЕТСТВЕННОСТЬ
Материалы, к которым относится поле rus
Графика поля Кириллица
Начальный элемент ввода Григорьев
Часть имени, кроме начального элемента ввода С. И.
Дополнения к именам, кроме дат д-р социол. наук
Даты 1948-
Расширение инициалов личного имени Святослав Иванович
Идентификатор авторитетной/нормативной записи RU\NLR\AUTH\7713787
Системный номер авторитетной/нормативной записи 123469
701 #1 - ИМЯ ЛИЦА - АЛЬТЕРНАТИВНАЯ ОТВЕТСТВЕННОСТЬ
Начальный элемент ввода Гуслякова
Часть имени, кроме начального элемента ввода Л. Г.
Расширение инициалов личного имени Людмила Герасимовна
701 #1 - ИМЯ ЛИЦА - АЛЬТЕРНАТИВНАЯ ОТВЕТСТВЕННОСТЬ
Начальный элемент ввода Прудникова
Часть имени, кроме начального элемента ввода М. М.
801 #0 - ИСТОЧНИК ЗАПИСИ
Страна Российская Федерация
Организация РГБ
Дата составления 20141202
Правила каталогизации RCR
801 #1 - ИСТОЧНИК ЗАПИСИ
Страна Российская Федерация
Организация РГБ
Дата составления 20141202
Источник данных rusmarc
942 ## - ДОПОЛНИТЕЛЬНЫЕ ЭЛЕМЕНТЫ ЗАПИСИ (АБИС)
Тип экземпляра АБИС Книга
980 ## - КОЛЛЕКЦИЯ
Название коллекции НБР

Нет доступных экземпляров.